Normal view
MARC view
- Safarnama
Entry Topical Term
001 - CONTROL NUMBER
- control field: 89452
003 - CONTROL NUMBER IDENTIFIER
- control field: NUST
005 - DATE AND TIME OF LATEST TRANSACTION
- control field: 20220223151320.0
008 - FIXED-LENGTH DATA ELEMENTS
- fixed length control field: 220223|| aca||aabn | a|a d
040 ## - CATALOGING SOURCE
- Original cataloging agency: NUST
- Transcribing agency: NUST
150 ## - HEADING--TOPICAL TERM
- Topical term or geographic name entry element: Safarnama
670 ## - SOURCE DATA FOUND
- Source citation: Work cat.: (NUST)587698: Muhammad Ahsan 88611, Cholistan Main Aik Raat, 2020.
